000 01103nam a22003017a 4500
001 9744
003 FISKH
005 20260204124426.0
008 260204b cb ||||| |||| 00| 0 eng d
020 _a099455002998
040 _aFISKH
_beng
_cFISKH
_dFISKH
082 _a813.5/4
100 _aGruesome , Gertrude
245 _aFrank's field trip /
_cBy Gertrude Gruesome
250 _aFirst HarperPaperbacks printing : March 1995
260 _aNew York :
_bHarperPaperbacks ,
_c1995 .
300 _a55 pages :
_billustrations ;
_c19 cm .
490 _aMonsterkids
505 _aJ
520 _aFrankenstein Jr. is so big and clumsy, it's a risk to take him anywhere. He does have one good thing going - his brains. Frank's so smart that his friends know he will lead their class to first prize in the local science fair, but the rival school doesn't always play fair.
521 8 _a500
_bLexile estimate
521 8 _aJ
_bRaz-Plus
650 _aHalloween
_vFiction
650 _aRed
_vFiction
700 _aFreeman , Susan
_eEditor
942 _2ddc
_cBK
_n0
999 _c9744
_d9744